00854nam a2200205Ia 4500008004100000020001800041050001900059100002300078245013200101250001000233260002300243300001800266440003900284500005500323650004000378700009300418942001200511952010800523999001700631120626s9999 xx 000 0 und d a968-24-3592-704aBF721 M88 19901 aMUSSEN, Paul Henry10aDesarrollo de la personalidad en el niñocPaul Henry Mussen, coaut. John Janeway, Cunger, trad. Francisco González Arambula a3 Ed. aMéxico bTrillas a564 páginas aBiblioteca Tecnica de Psicología aTraducción de: Child Development and Personality17aPERSONALIDAD\ NIÑOS - CRECIMIENTO1 acoaut. JANAWEY CUNGER, John\ coaut. KAGAN, Jerome\ trad. GONZALEZ ARAMBURO, FranciscoÌ 2ddccLB 00104070a07b07d2010-04-06l1oBF721 M88 1990p07 000023r2014-07-05s2014-07-03t1w2012-06-26yLB c66767d66767